• 首页
  • 本馆介绍
  • 公告通知
  • 最新文献
  • 馆藏检索
  • 电子资源
  • 读者导购
  • 参考咨询
  • 我的图书馆
  • 登录
  • 详细信息显示
  • 放入我的书架
  • 预约/预借图书
  • 作者相关作品
  • 分类相关作品
  • 丛书相关作品
  • 出版社相关作品

书目信息

  • 表格格式
  • 工作单格式
  • 卡片格式
题名:
这才是艺术
    
 
作者: 姜啸然 编著
分册:   毕加索
出版信息: 北京   人民美术出版社  2022
页数: 119页
开本: 25cm
丛书名:
单 册:
中图分类: J051
科图分类:
主题词: 艺术评论--世界
电子资源:
ISBN: 978-7-102-08912-6
000 00634nam0 2200217 450
001 2337863802
005 20231129103157.13
010    @a978-7-102-08912-6@dCNY38.00
100    @a20230723d2022 em y0chiy50 ea
101 0  @achi
102    @aCN@b110000
105    @aa z 000yy
200 1  @a这才是艺术@Azhe cai shi yi shu@i毕加索@f姜啸然编著
210    @a北京@c人民美术出版社@d2022
215    @a119页@c彩图@d25cm
600  0 @a毕加索@c(Picasso, Pablo Ruiz@f1881-1973)@x绘画评论
606 0  @a艺术评论@y世界
690    @aJ051@v5
701  0 @a姜啸然@Ajiang xiao ran@4编著
801  0 @aCN@b91MARC@c20230912
905    @aZUCC@dJ051@e13:1
    
    这才是艺术.毕加索/姜啸然编著.-北京:人民美术出版社,2022
    119页:彩图;25cm
    
    
    ISBN 978-7-102-08912-6:CNY38.00
    
●
相关链接 在五车中查询图书 在当当中查询图书 在豆瓣中查询图书


正题名:这才是艺术     索取号:J051/13:1         预约/预借

序号 登录号 条形码 馆藏地/架位号 状态 备注
1 2001059481   2001059481   辽宁一、悦读混合/辽宁北配(第三批)/辽批239/ [索取号:J051/13:1] 在馆    
2 2001059482   2001059482   辽宁一、悦读混合/辽宁北配(第三批)/辽批239/ [索取号:J051/13:1] 在馆    
3 2001059483   2001059483   辽宁一、悦读混合/辽宁北配(第三批)/辽批239/ [索取号:J051/13:1] 在馆    
4 2001059484   2001059484   辽宁一、悦读混合/辽宁北配(第三批)/辽批239/ [索取号:J051/13:1] 在馆    
5 2001059485   2001059485   辽宁一、悦读混合/辽宁北配(第三批)/辽批239/ [索取号:J051/13:1] 在馆    
6 2001059486   2001059486   辽宁一、悦读混合/辽宁北配(第三批)/辽批239/ [索取号:J051/13:1] 在馆    
山东省滨州职业学院图书馆 欢迎您!
大连网信软件有限公司© 版权所有